| 000 | 00839cam a2200241 4500 | ||
|---|---|---|---|
| 001 | ABS62518 | ||
| 008 | 000000n2000 000 0 eng u | ||
| 035 | _a(Sirsi) u106626 | ||
| 100 | _aMorrison, A. | ||
| 245 | _aCan the dream work? | ||
| 260 | _c2000 | ||
| 490 |
_aEstates Gazette _v(00231) 10 June 2000, 89-90(2) |
||
| 520 | _aA recent report by King Sturge suggests that cinema attendance will remain static during 2000, and that rapid expansion of multiplexes is based on over-optimistic forecasting. Some operators do not feel that the UK can match the same number of visits as the US. Graphs. | ||
| 590 | _aABS | ||
| 650 | _aLEISURE MARKET | ||
| 650 | _aCINEMAS | ||
| 650 | _aGROWTH | ||
| 650 | _aFORECASTS | ||
| 650 | _aUNITED STATES | ||
| 650 | _aUNITED KINGDOM | ||
| 690 | _aLEISURE AND RECREATION | ||
| 942 | _n0 | ||
| 999 |
_c63849 _d63849 |
||